Vplyv informačnej a komunikačnej techniky na produktivitu

Bibliographic Details
Main Author: Sudzina, František, 1977- (Author)
Format: Article
Language:Slovak
Subjects:

MARC

LEADER 00000nab a2200000 a 4500
001 vtls000842219
003 SK-MaSNL
005 20260304110723.0
008 250429c2003 xo 0 slo
015 |a SNBRB2003/08-21218 
035 |a CLN000193874 
035 |a urn:nbn:sk:snk-abafu9 
035 |a (urnnbn)urn:nbn:sk:snk:ar-a0aebw 
035 |a (uuid)19504f9d-d224-47cf-a54a-451707074c7b 
040 |a SNKBUCL  |b slo  |c SNKBUCL  |e AACR2 
041 0 |a slo 
044 |a xo  |c SK 
080 |a 658.51.011.4:004:654  |2 1997 
080 |a 004  |2 1997 
080 |a 654  |2 1997 
100 1 |a Sudzina, František,  |d 1977-  |4 aut  |9 22428 
245 1 0 |a Vplyv informačnej a komunikačnej techniky na produktivitu  |c František Sudzina 
300 |b Graf 
650 0 7 |a produktivita  |x technika informačná  |x technika komunikačná  |x vplyvy  |2 snkbucl  |9 1409583 
650 0 7 |a technika informačná  |2 snkbucl  |9 877346 
650 0 7 |a technika komunikačná  |2 snkbucl  |9 980585 
655 7 |a články z novín a časopisov  |2 snkbucl  |9 267496 
773 0 |t Produktivita  |g Roč. 4, č. 3 (2003), s. 22  |x 1335-5961 
850 |a Slovenská národná knižnica 
852 |a Slovenská národná knižnica 
954 |a odborná, vedecká literatúra pôvodná (slovenská)  |2 lita 
958 |a article14 
958 |a OND 
958 |a EUIPO 
999 |c 2861021  |d 2862951